03453cam a22004574a 4500999001900000001000900019003000500028005001700033008004100050010001700091015001900108016002000127016001800147020003100165020002800196035002300224035002000247040005900267050002700326060002300353082001800376245011500394260004200509300003300551500000800584504005100592505087800643505094901521650002902470650002502499650002602524650002402550650003202574700002602606700002202632856008302654856009102737906004502828942001802873952010402891 c342278d34227814734849NUST20171215104452.0070209s2008 njua b 001 0 eng  a 2007005772 aGBA7289772bnb7 a1012991852DNLM7 a0137160722Uk a9781588298942 (alk. paper) a1588298949 (alk. paper) a(OCoLC)ocm84730425 a(OCoLC)84730425 aDNLM/DLCcDLCdNLMdBTCTAdUKMdBAKERdC#PdYDXCPdDLC00aTP248.25.N35bN28 200810aQT 36.5bN183 200800a660.6 SHO22200aNanoBioTechnology :bbioinspired devices and materials of the future /cEdited by Oded Shoseyov and Ilan Levy. aTotowa, N.J. :bHumana Press,cc2008. axi, 485 p. :bill. ;c24 cm. aH.B aIncludes bibliographical references and index.0 aNanobiotechnology overview / Oded Shoseyov and Ilan Levy -- Experimental strategies towards the use of the porin MspA as a nanotemplate and for biosensors / Stefan H. Bossmann ... [et al.] -- Bionanotechnology and bionanoscience of artificial bioassemblies / Steven S. Smith and Katarzyna Lamparska-Kupsik -- Genetically engineered s-layer proteins and s-layer-specific heteropolysaccharides as components of a versatile molecular construction kit for applications in nanobiotechnology / Eva-M. Egelseer ... [et al.] -- Photoinduced electron transport in DNA: toward electronic devices based on DNA architecture / Hans-Achim Wagenknecht -- Effective models for charge transport in DNA nanowires / Rafael Gutierrez and Gianaurelio Cuniberti -- Optimizing photoactive proteins for optoelectronic environments by using directed evolution / Jason R. Hillebrecht ... [et al.] --0 aDNA-based nanoelectronics / Rosa Di Felice and Danny Porath -- Electrical manipulation of DNA on metal surfaces / Marc Tornow, Kenji Arinaga, and Ulrich Rant -- Nanocomputing / Jennifer Sager, Joseph Farfel, and Darko Stefanovic -- Biomolecular automata / Natasˌa Jonoska -- Nanomedicine / Kewal K. Jain -- Nano-sized carriers for drug delivery / Sanjeeb K. Sahoo ... [et al.] -- Gene and drug delivery system with soluble inorganic carriers / Jin-Ho Choy, Man Park, and Jae-Min Oh -- Molecules, cells, materials, and systems design based on nanobiotechnology for use in bioanalytical technology / Tetsuya Haruyama -- Self-assembly of short peptides for nanotechnological applications / Ehud Gazit -- Nanotube membranes for biotechnology / Lane A. Baker and Charles R. Martin -- Engineering a molecular railroad / Russell J. Stewart and Loren Limberis -- Water-based nanotechnology: what if we could dope water? / Andreas Kage and Eran Gabbai. 0aNanobiotechnology.9732712aBiotechnology.9244712aNanotechnology.9282622aNanomedicine.97328 0aBiomimetic materials.928281 aShoseyov, Oded.973291 aLevy, Ilan.97330413Table of contents onlyuhttp://www.loc.gov/catdir/toc/ecip0711/2007005772.html423Publisher descriptionuhttp://www.loc.gov/catdir/enhancements/fy0825/2007005772-d.html a7bcbccorignewd1eecipf20gy-gencatlg 2ddccBKkIESE 00102ddc40708NFICaCLbCLcGENd2017-12-15l0o660.6 SHOpIESE-3032r2017-12-15w2017-12-15yBK